|
|
|
|
| LEADER |
00000nam0a2200000 4500 |
| 001 |
185976 |
| 005 |
20231031173306.0 |
| 035 |
|
|
|a (RuTPU)RU\TPU\book\201797
|
| 090 |
|
|
|a 185976
|
| 100 |
|
|
|a 20101020d1896 km y0rusy50 ca
|
| 101 |
0 |
|
|a ger
|
| 102 |
|
|
|a DE
|
| 105 |
|
|
|a a gj 000zy
|
| 200 |
1 |
|
|a Die Konstruktionen in Stein
|f O. Warth
|
| 210 |
|
|
|a Leipzig
|d 1896
|
| 215 |
|
|
|a 400 с.
|c il.
|
| 610 |
1 |
|
|a строительные конструкции
|
| 610 |
1 |
|
|a строительство
|
| 610 |
1 |
|
|a архитектура
|
| 610 |
1 |
|
|a арки
|
| 610 |
1 |
|
|a перекрытия
|
| 610 |
1 |
|
|a каменные работы
|
| 610 |
1 |
|
|a архитектурный дизайн
|
| 610 |
1 |
|
|a мозаика
|
| 610 |
1 |
|
|a справочники
|
| 610 |
1 |
|
|a немецкий язык
|
| 675 |
|
|
|a 624.01(07)(03)
|v 3
|
| 675 |
|
|
|a 72(07)(03)
|v 3
|
| 700 |
|
1 |
|a Warth
|b O.
|g Otto
|
| 801 |
|
1 |
|a RU
|b 63413507
|c 20101020
|
| 801 |
|
2 |
|a RU
|b 63413507
|c 20110124
|g RCR
|
| 942 |
|
|
|c BK
|